Nicholas Longworth papers, (Record no. 42339)

MARC details
000 -LEADER
fixed length control field 02589cpcaa2200457 4500
001 - CONTROL NUMBER
control field mm 79055129
003 - CONTROL NUMBER IDENTIFIER
control field DLC
005 - DATE AND TIME OF LATEST TRANSACTION
control field 20260227111657.0
007 - PHYSICAL DESCRIPTION FIXED FIELD--GENERAL INFORMATION
fixed length control field cr |||||||||||
008 - FIXED-LENGTH DATA ELEMENTS--GENERAL INFORMATION
fixed length control field 790830|||||||||||| eng
010 ## - LIBRARY OF CONGRESS CONTROL NUMBER
LC control number mm 79055129
NUCMC control number ms 80002065
040 ## - CATALOGING SOURCE
Original cataloging agency DLC
Transcribing agency DLC
Description conventions dacs
Modifying agency DLC
072 #7 - SUBJECT CATEGORY CODE
Subject category code R
Source lcmd
100 1# - MAIN ENTRY--PERSONAL NAME
Personal name Longworth, Nicholas,
Dates associated with a name 1869-1931.
245 00 - TITLE STATEMENT
Title Nicholas Longworth papers,
Inclusive dates 1782-1931
Bulk dates (bulk 1915-1930).
300 ## - PHYSICAL DESCRIPTION
Extent 1,800
Type of unit items.
300 ## - PHYSICAL DESCRIPTION
Extent 4
Type of unit containers plus
Extent 2
Type of unit oversize.
300 ## - PHYSICAL DESCRIPTION
Extent 2.4
Type of unit linear feet.
506 0# - RESTRICTIONS ON ACCESS NOTE
Terms governing access Open to research.
520 8# - SUMMARY, ETC.
Summary, etc. Correspondence, speeches, newspaper clippings, scrapbooks, and memorabilia consisting chiefly of speeches by Longworth while serving in the House of Representatives. Includes scrapbooks concerning his student days at Harvard; a series of letters from various individuals written in 1907 to President Theodore Roosevelt concerning the nomination of an African American to be surveyor of customs for the Port of Cincinnati; letters (1823, 1824, and 1860) written by Longworth's grandfather Nicholas Longworth (1782-1863); and an album of letters of speakers of the House of Representatives.
544 ## - LOCATION OF OTHER ARCHIVAL MATERIALS NOTE
Materials specified Photographs
Provenance transferred to
Custodian Library of Congress Prints and Photographs Division.
544 ## - LOCATION OF OTHER ARCHIVAL MATERIALS NOTE
Materials specified Sheet music
Provenance transferred to
Custodian Library of Congress Music Division.
545 0# - BIOGRAPHICAL OR HISTORICAL DATA
Biographical or historical data Lawyer and U.S. representative from Ohio.
546 ## - LANGUAGE NOTE
Language note Collection material in English.
555 8# - CUMULATIVE INDEX/FINDING AIDS NOTE
Cumulative index/finding aids note Finding aid available in the Library of Congress Manuscript Reading Room and at
Uniform Resource Identifier <a href="http://hdl.loc.gov/loc.mss/eadmss.ms006041">http://hdl.loc.gov/loc.mss/eadmss.ms006041</a>
600 10 - SUBJECT ADDED ENTRY--PERSONAL NAME
Personal name Longworth, N.
Fuller form of name (Nicholas),
Dates associated with a name 1782-1863
Form subdivision Correspondence.
600 10 - SUBJECT ADDED ENTRY--PERSONAL NAME
Personal name Roosevelt, Theodore,
Dates associated with a name 1858-1919
Form subdivision Correspondence.
610 10 - SUBJECT ADDED ENTRY--CORPORATE NAME
Corporate name or jurisdiction name as entry element United States.
Subordinate unit Congress.
-- House.
610 10 - SUBJECT ADDED ENTRY--CORPORATE NAME
Corporate name or jurisdiction name as entry element United States.
Subordinate unit Congress.
-- House.
-- Office of the Speaker of the House
Form subdivision Correspondence.
610 20 - SUBJECT ADDED ENTRY--CORPORATE NAME
Corporate name or jurisdiction name as entry element Harvard University
General subdivision Students.
650 #0 - SUBJECT ADDED ENTRY--TOPICAL TERM
Topical term or geographic name entry element Universities and colleges
Geographic subdivision Massachusetts.
650 #0 - SUBJECT ADDED ENTRY--TOPICAL TERM
Topical term or geographic name entry element African Americans
Geographic subdivision Ohio
-- Cincinnati.
651 #0 - SUBJECT ADDED ENTRY--GEOGRAPHIC NAME
Geographic name United States
General subdivision Politics and government
Chronological subdivision 1901-1953.
656 #7 - INDEX TERM--OCCUPATION
Occupation Lawyers.
Source of term itoamc
656 #7 - INDEX TERM--OCCUPATION
Occupation Representatives, U.S. Congress
Geographic subdivision Ohio.
Source of term itoamc
856 4# - ELECTRONIC LOCATION AND ACCESS
Materials specified Finding aid
Uniform Resource Identifier <a href="http://hdl.loc.gov/loc.mss/eadmss.ms006041">http://hdl.loc.gov/loc.mss/eadmss.ms006041</a>
856 4# - ELECTRONIC LOCATION AND ACCESS
Materials specified Finding aid (PDF)
Uniform Resource Identifier <a href="http://hdl.loc.gov/loc.mss/eadmss.ms006041.3">http://hdl.loc.gov/loc.mss/eadmss.ms006041.3</a>

No items available.

Powered by Koha